| 000 | 00573nam a2200205Ia 4500 | ||
|---|---|---|---|
| 005 | 20250923145351.0 | ||
| 008 | 008 250917s9999 xx 000 0 eng d | ||
| 037 | _aTextual | ||
| 040 |
_aDSWL _beng _cDSWL |
||
| 041 |
_aeng _2eng |
||
| 084 |
_aY1Z _qDSWL |
||
| 100 |
_aAikara, Jacob _9834545 |
||
| 245 | 0 |
_aIdeological orientation of student activism _c by Jacob Aikara |
|
| 260 |
_aPoona _bDastane Ramchandra & Co. _c1977 |
||
| 300 | _axvi,133 p. | ||
| 365 |
_aINR _b33 . 30 |
||
| 925 | _g33 . 30 | ||
| 942 |
_cTEXL _hY1Z |
||
| 999 |
_c1450507 _d1450507 |
||